000 00446nam a2200181Ia 4500
001 20282
005 20260306172754.0
008 260306t2019||||xx |||||||||||||| ||spa||
041 _aESP
082 _a343.1
_bH411
100 _aHäberle, Peter
_eAUT
245 0 _aLos derechos fundamentales en el Estado prestacional
260 _c2019
300 _a168 páginas :
_c21 cm.
650 _aGEN
654 _aCDE
942 _cLIB
_dJUS
_fJUS
_2ddc
_n
999 _c20282
_d20282